UFL Football Teams Quiz (2024-2025) - Statistics

General Stats
  • This quiz has been taken 90 times
  • The average score is 6 of 8
Answer Stats
UFL Team % Correct
Arlington Renegades
78%
Birmingham Stallions
78%
Michigan Panthers
78%
St. Louis Battlehawks
78%
San Antonio Brahmas
76%
DC Defenders
72%
Houston Roughnecks
70%
Memphis Showboats
65%
No matching quizzes found
Score Distribution
Percent of People with Each Score
Percentile by Number Answered
Your Score History
You have not taken this quiz